00314nam a2200109Ia 4500008004100000041000800041082001200049100003400061245004800095260004600143300001500189240612s2016 xx 000 0 und d aeng a348.041 aEastern Book Company, Lakhnow aThe Supreme Court Cases 2016: Volume No. 01 aPunebEastern Book Company, Lakhnowc2016 aXXXII;848p